000
00317nam a2200133Ia 4500
005
20251222143231.0
008
251222s9999||||xx |||||||||||||| ||spa||
020
_a
88-04-47414-9
082
_a
858.9/B88P
100
_a
Buffoni, Franco
245
0
_a
Il Profolio del Rosa
264
_b
Arnoldo Mondadori
942
_c
LIB
999
_c
14214
_d
14214